| 000 | 02028nam a2200421 c 4500 | ||
|---|---|---|---|
| 003 | BLK | ||
| 005 | 20241012113620.0 | ||
| 008 | 180409b bul|||||r ||||||| ||bul|| | ||
| 010 | _aKNG00123679000 | ||
| 020 |
_a978-954-8761-84-0 _bиздат.: Агато - на том(т. 5) |
||
| 040 | _aBLK | ||
| 041 |
_aBUL _cBUL |
||
| 072 | 7 |
_2bullib _aН92 _xИстория Н |
|
| 080 |
_aПаметници на културата на историческите периоди. Археологическите паметници. Старини _b904 _x(497.2)(063) _z904(497.2)(063) |
||
| 139 |
_aПриноси към българската археология _bП 88 |
||
| 245 | 1 | 0 |
_aПриноси към българската археология _bДек. дни на бълг. средновековна археология Проф. д-р Станчо Ваклинов : Т. 1 - _nТ. 5 |
| 257 | _aBGR | ||
| 260 |
_аСофия _bАргес _c1992 - |
||
| 300 | _c24 см | ||
| 380 | _a9 | ||
| 500 | _aИзд. на БАН. Археол. инст. Секция за средновековна археология, Нац. археол. музей. | ||
| 650 | 4 |
_aАрхеологически паметници - България _9244116 |
|
| 650 | 4 |
_aАрхеологични находки - България _9273888 |
|
| 650 | 4 |
_aБългария - старини _9262139 |
|
| 651 | 4 |
_aБългария _9241624 |
|
| 653 | _aархеологически паметници | ||
| 653 | _aархеологични находки | ||
| 653 | _aархеология | ||
| 653 | _aстарини | ||
| 659 | _aН | ||
| 760 | 1 |
_3- на том(т. 5) _dАгато, 2009 _h350 с. : с ил., к., табл. _nБиблиогр. след отд. статии. _tТ. 5 |
|
| 852 | _aЦб 191854 | ||
| 856 | 4 |
_qpdf _u |
|
| 856 | 4 |
_qpdf _u |
|
| 942 |
_cKNG _n0 _04 |
||
| 944 |
_aCR _c20.06.2011 _lКети Илиева _k30550 |
||
| 944 |
_aED _c17.04.2015 _lф / _kВиолета_Тройчева |
||
| 999 |
_c118078 _d118078 |
||